000 00822cam0a220025300 4500
001 lce00372470
008 700217s1968 ilu b 000 0 eng
010 _a 78002037 //r84
020 _c0.50
035 _a(Sirsi) r30348
035 _a(DLC) 78002037 //r84
035 _a(UPRA)lce00372470
050 0 _aE185
_b.W43
082 _a973
100 1 _aWeinberg, Meyer, 1920-
_dWeinberg, Meyer, 1920-
_6A80314.1
245 1 0 _aAfro American history:
_bseparate or interracial?
260 _a[Chicago,
_bIntegrated Education Associates,
_cc1968]
500 _aCover title.
504 _aBibliography: p. 10-20.
610 2 0 _aAlpha Kappa Alpha Sorority.
_6S68165.1
650 0 _aAfro-Americans -- History.
_xAfro-Americans -- History.
_6S290.2
949 _aE185
_wlcc
_i-34111
_mMAIN
_tBOOK
_lON-SHELF
004 30348
999 _c201376
_d201376